Concepts in Biotechnology: History, Science and Business

Gespeichert in:
Bibliographische Detailangaben
1. Verfasser: Buchholz, Klaus
Weitere Verfasser: Collins, John
Format: Buch
Sprache:Englisch
Veröffentlicht: Weinheim Wiley-VCH 2010
Ausgabe:1.Aufl.
Schlagworte:
Online-Zugang:Im OPAC anzeigen
Tags: Tag hinzufügen
Keine Tags, Fügen Sie das erste Tag hinzu!

MARC

LEADER 00000nam a2200000 a 4500
005 20260127134252.0
008 120203 2010 000 0 eng d
020 |a 9783527317660 
035 |a vtls010339465 
039 9 |a 201209041503  |b phsnk01  |y 201202030942  |z mschk03 
040 |a STUSCHK1  |b slo  |c STUSCHK1  |e AACR2 
080 |a 660.6 
100 1 |a Buchholz, Klaus 
245 1 |a Concepts in Biotechnology:  |b History, Science and Business  |c Klaus Buchholz, John Collins 
250 |a 1.Aufl. 
260 |a Weinheim  |b Wiley-VCH  |c 2010 
300 |a xxv, 471 s.  |b Il.  |c 24 cm 
650 0 7 |a biotechnológia 
700 1 |a Collins, John 
910 |a SCHK95 
919 |a 978-3-527-31766-0 
999 |c 8348  |d 8348